Financial accounting / (Record no. 17757)
[ view plain ]
| 000 -LEADER | |
|---|---|
| fixed length control field | 00593nam a22002537a 4500 |
| 003 - CONTROL NUMBER IDENTIFIER | |
| control field | OSt |
| 005 - DATE AND TIME OF LATEST TRANSACTION | |
| control field | 20140311161020.0 |
| 008 - FIXED-LENGTH DATA ELEMENTS--GENERAL INFORMATION | |
| fixed length control field | 130204t xxu||||| |||| 00| 0 eng d |
| 020 ## - INTERNATIONAL STANDARD BOOK NUMBER | |
| International Standard Book Number | 9718966730 |
| 050 ## - LIBRARY OF CONGRESS CALL NUMBER | |
| Classification number | HF 5635 |
| Item number | .V238 2006 |
| 100 ## - MAIN ENTRY--PERSONAL NAME | |
| Personal name | Valix, Conrado T. |
| 245 ## - TITLE STATEMENT | |
| Title | Financial accounting / |
| Statement of responsibility, etc | Conrado T. Valix. |
| 260 ## - PUBLICATION, DISTRIBUTION, ETC. (IMPRINT) | |
| Place of publication, distribution, etc | Manila : |
| Name of publisher, distributor, etc | GIC Enterprises, |
| Date of publication, distribution, etc | 2006. |
| 300 ## - PHYSICAL DESCRIPTION | |
| Extent | 967 p. : |
| Dimensions | 23 cm. |
| 521 ## - TARGET AUDIENCE NOTE | |
| Target audience note | |
| 562 ## - COPY AND VERSION IDENTIFICATION NOTE | |
| Number of copies | 6 |
| 942 ## - ADDED ENTRY ELEMENTS (KOHA) | |
| Source of classification or shelving scheme | Library of Congress Classification |
| Koha item type | Books |
| Call number prefix | Local |
| Withdrawn status | Lost status | Source of classification or shelving scheme | Damaged status | Home library | Current library | Shelving location | Date acquired | Source of acquisition | Total Checkouts | Total Renewals | Full call number | Barcode | Date last seen | Date checked out | Copy number | Price effective from | Koha item type |
|---|---|---|---|---|---|---|---|---|---|---|---|---|---|---|---|---|---|
| Library of Congress Classification | Archives | Archives | 02/04/2013 | Library Fund | 3 | 13 | HF 5635 .V238 2006 vol.1 | C7411 | 05/08/2018 | 07/31/2015 | 1 | 02/04/2013 | Books | ||||
| Library of Congress Classification | Archives | Archives | 12/05/2013 | Library Fund | 2 | 1 | HF 5635 .V238 2006 vol.1 | C7412 | 05/08/2018 | 10/26/2016 | 5 | 12/05/2013 | Books | ||||
| Library of Congress Classification | College Library | College Library | Filipiniana Section | 12/05/2013 | Library Fund | HF 5635 .V238 2006 vol.1 | C7410 | 05/08/2018 | 2 | 12/05/2013 | Books | ||||||
| Library of Congress Classification | College Library | College Library | General Circulation Section | 12/05/2013 | 1 | 2 | HF 5635 .V238 2006 vol.1 | C7409 | 05/15/2018 | 06/23/2015 | 6 | 12/05/2013 | Books |